[Event "Tata Steel Masters"]
[Site "Wijk aan Zee"]
[Date "2016.01.26"]
[Round "9.2"]
[White "Eljanov, Pavel"]
[Black "Giri, Anish"]
[Result "1/2-1/2"]
[BlackElo "2798"]
[WhiteElo "2760"]
[LiveChessVersion "1.4.8-SNAPSHOT"]

1. d4 {[%clk 1:40:57]} Nf6 {[%clk 1:40:56]} 2. c4 {[%clk 1:41:10]} e6
{[%clk 1:41:21]} 3. Nf3 {[%clk 1:40:52]} d5 {[%clk 1:41:40]} 4. g3
{[%clk 1:40:15]} dxc4 {[%clk 1:42:00]} 5. Bg2 {[%clk 1:40:35]} c5
{[%clk 1:42:26]} 6. O-O {[%clk 1:40:00]} Nc6 {[%clk 1:42:53]} 7. Na3
{[%clk 1:27:34]} cxd4 {[%clk 1:43:08]} 8. Nxc4 {[%clk 1:27:59]} Bc5
{[%clk 1:43:32]} 9. a3 {[%clk 1:24:35]} a5 {[%clk 1:43:21]} 10. Bd2
{[%clk 1:17:50]} O-O {[%clk 1:36:28]} 11. Rc1 {[%clk 1:17:39]} Bd6
{[%clk 1:24:35]} 12. Nxd6 {[%clk 0:54:15]} Qxd6 {[%clk 1:24:59]} 13. e3
{[%clk 0:54:39]} e5 {[%clk 1:21:23]} 14. exd4 {[%clk 0:49:52]} Bg4
{[%clk 1:11:19]} 15. h3 {[%clk 0:45:38]} Bxf3 {[%clk 1:11:36]} 16. Bxf3
{[%clk 0:41:16]} Nxd4 {[%clk 1:09:44]} 17. Be3 {[%clk 0:41:32]} Rad8
{[%clk 1:00:21]} 18. Bxd4 {[%clk 0:38:11]} exd4 {[%clk 0:58:34]} 19. Qd2
{[%clk 0:38:33]} Qb6 {[%clk 0:58:02]} 20. b4 {[%clk 0:30:27]} axb4
{[%clk 0:57:39]} 21. Qxb4 {[%clk 0:30:39]} Qxb4 {[%clk 0:50:01]} 22. axb4
{[%clk 0:31:03]} Rd7 {[%clk 0:50:19]} 23. Rc5 {[%clk 0:27:13]} Re8
{[%clk 0:41:43]} 24. Rd1 {[%clk 0:26:25]} g6 {[%clk 0:38:05]} 25. Rc4
{[%clk 0:17:45]} d3 {[%clk 0:36:07]} 26. Kf1 {[%clk 0:14:07]} Re6
{[%clk 0:33:31]} 27. g4 {[%clk 0:11:11]} h6 {[%clk 0:31:01]} 28. h4
{[%clk 0:10:40]} Re5 {[%clk 0:29:16]} 29. Rc5 {[%clk 0:05:01]} Rxc5
{[%clk 0:27:36]} 30. bxc5 {[%clk 0:05:26]} Rc7 {[%clk 0:25:47]} 31. Rxd3
{[%clk 0:04:33]} Nd7 {[%clk 0:24:56]} 32. Rd6 {[%clk 0:01:09]} Nxc5
{[%clk 0:24:23]} 33. Rb6 {[%clk 0:01:35]} Kg7 {[%clk 0:17:01]} 34. Kg2
{[%clk 0:01:35]} f6 {[%clk 0:15:29]} 35. Kg3 {[%clk 0:01:34]} g5 {[%clk 0:14:49]}
36. hxg5 {[%clk 0:01:38]} hxg5 {[%clk 0:15:09]} 37. Rb5 {[%clk 0:01:30]} Kf7
{[%clk 0:12:28]} 38. Rb6 {[%clk 0:01:19]} Ke7 {[%clk 0:12:43]} 39. Rb5
{[%clk 0:00:53]} Kd6 {[%clk 0:09:50]} 40. Rb6+ {[%clk 0:50:00]} Ke5
{[%clk 0:59:54]} 41. Rb5 {[%clk 0:51:41]} Kd4 {[%clk 1:00:10]} 42. Rb6
{[%clk 0:48:47]} Rf7 {[%clk 0:57:20]} 43. Rd6+ {[%clk 0:47:20]} Kc3
{[%clk 0:39:50]} 44. Rb6 {[%clk 0:46:58]} Kd4 {[%clk 0:38:18]} 45. Rd6+
{[%clk 0:47:22]} Kc4 {[%clk 0:38:35]} 46. Rb6 {[%clk 0:47:48]} Kc3
{[%clk 0:35:15]} 47. Kg2 {[%clk 0:46:51]} Kc4 {[%clk 0:26:57]} 48. Kg3
{[%clk 0:46:28]} 1/2-1/2

[Event "Tata Steel Masters"]
[Site "Wijk aan Zee"]
[Date "2016.01.26"]
[Round "9.7"]
[White "Tomashevsky, Evgeny"]
[Black "Hou, Yifan"]
[Result "1/2-1/2"]
[BlackElo "2673"]
[WhiteElo "2728"]
[LiveChessVersion "1.4.8-SNAPSHOT"]

1. d4 {[%clk 1:40:52]} Nf6 {[%clk 1:40:54]} 2. c4 {[%clk 1:41:15]} e6
{[%clk 1:41:19]} 3. Nc3 {[%clk 1:41:32]} Bb4 {[%clk 1:41:40]} 4. e3
{[%clk 1:41:56]} O-O {[%clk 1:41:57]} 5. Bd3 {[%clk 1:42:18]} d5 {[%clk 1:42:19]}
6. Nf3 {[%clk 1:42:37]} c5 {[%clk 1:42:33]} 7. O-O {[%clk 1:42:47]} cxd4
{[%clk 1:42:25]} 8. exd4 {[%clk 1:43:08]} dxc4 {[%clk 1:42:51]} 9. Bxc4
{[%clk 1:43:31]} b6 {[%clk 1:43:17]} 10. Bg5 {[%clk 1:43:22]} Bb7
{[%clk 1:43:33]} 11. Qe2 {[%clk 1:43:30]} Bxc3 {[%clk 1:43:32]} 12. bxc3
{[%clk 1:43:51]} Nbd7 {[%clk 1:43:53]} 13. Nd2 {[%clk 1:42:30]} Qc7
{[%clk 1:43:45]} 14. Rac1 {[%clk 1:42:13]} Nd5 {[%clk 1:38:03]} 15. f3
{[%clk 1:38:31]} e5 {[%clk 1:17:48]} 16. Rfe1 {[%clk 0:59:24]} Rae8
{[%clk 1:10:50]} 17. Bxd5 {[%clk 0:54:36]} Bxd5 {[%clk 1:11:06]} 18. c4
{[%clk 0:55:01]} Bb7 {[%clk 1:01:36]} 19. d5 {[%clk 0:54:54]} f5 {[%clk 1:01:40]}
20. Be3 {[%clk 0:52:04]} Rc8 {[%clk 0:55:55]} 21. a4 {[%clk 0:27:35]} a5
{[%clk 0:42:08]} 22. Qd3 {[%clk 0:24:25]} Rf6 {[%clk 0:38:07]} 23. Qa3
{[%clk 0:20:47]} Ba6 {[%clk 0:32:30]} 24. Bf2 {[%clk 0:19:17]} Rh6
{[%clk 0:27:39]} 25. h3 {[%clk 0:17:53]} Rg6 {[%clk 0:28:00]} 26. Qe7
{[%clk 0:14:54]} h5 {[%clk 0:24:10]} 27. h4 {[%clk 0:10:53]} Qd8 {[%clk 0:21:30]}
28. Qxd8+ {[%clk 0:06:20]} Rxd8 {[%clk 0:21:58]} 29. Kh2 {[%clk 0:05:07]} Kf7
{[%clk 0:21:07]} 30. Rc3 {[%clk 0:04:57]} Re8 {[%clk 0:18:21]} 31. Bg3
{[%clk 0:01:33]} Nc5 {[%clk 0:16:54]} 32. Rxe5 {[%clk 0:01:10]} Rxe5
{[%clk 0:16:08]} 33. Bxe5 {[%clk 0:01:38]} Nxa4 {[%clk 0:16:31]} 34. Ra3
{[%clk 0:00:45]} Nc5 {[%clk 0:16:42]} 35. Bd4 {[%clk 0:00:42]} Nd7
{[%clk 0:16:53]} 36. Kg1 {[%clk 0:00:37]} Rh6 {[%clk 0:14:40]} 37. Kf2
{[%clk 0:00:39]} Rh8 {[%clk 0:14:50]} 38. Re3 {[%clk 0:00:34]} Rc8
{[%clk 0:05:20]} 39. d6 {[%clk 0:00:41]} Re8 {[%clk 0:05:45]} 40. Rxe8
{[%clk 0:50:39]} Kxe8 {[%clk 0:56:09]} 41. Bxg7 {[%clk 0:50:55]} Kf7
{[%clk 0:44:30]} 42. Bb2 {[%clk 0:29:23]} f4 {[%clk 0:38:27]} 43. Ke2
{[%clk 0:27:41]} b5 {[%clk 0:28:16]} 44. cxb5 {[%clk 0:20:06]} Bxb5+
{[%clk 0:28:40]} 45. Kd1 {[%clk 0:20:29]} Ke6 {[%clk 0:28:55]} 46. Ne4
{[%clk 0:20:28]} Nb6 {[%clk 0:15:56]} 47. Bc1 {[%clk 0:06:14]} 1/2-1/2